Family structure in nineteenth century Lancashire

Αποθηκεύτηκε σε:
Λεπτομέρειες βιβλιογραφικής εγγραφής
Κύριος συγγραφέας: Anderson, Michael 1942-
Μορφή: Βιβλίο
Γλώσσα:English
Δημοσίευση: Cambridge : Cambridge University, 1971
Σειρά:Cambridge studies in sociology (London, England) ; 5
Θέματα:
Ετικέτες: Προσθήκη ετικέτας
Δεν υπάρχουν, Καταχωρήστε ετικέτα πρώτοι!

MARC

LEADER 00000cam a2200000 i 4500
001 1/83193
008 970320s1971 eng d
020 |a 0-521-08237-4 
035 |l 10005708 
040 |a GR-MY-UA  |b gre  |e aacr 
041 0 |a eng 
082 0 |a 301.423094272 
100 1 |a Anderson, Michael  |d 1942- 
245 1 0 |a Family structure in nineteenth century Lancashire 
260 |a Cambridge :   |b Cambridge University,   |c 1971 
300 |a ix, 230 p;  |c 24 cm 
490 1 |a Cambridge studies in sociology (London, England)  |v ; 5 
504 |a Bibliography: p. 181-194. Includes index 
650 0 0 |a Family  |z England  |z Lancashire. 
650 0 0 |a Kinship. 
651 0 |a Lancashire (England)  |x Social conditions. 
830 0 |a Cambridge studies in sociology (London, England)  |v ; 5 
852 |a INST  |b LESVOS  |e 19970320  |h 301.423094272 AND  |p 005100011818  |q 005100011818  |t BK  |y 0 
909 |a Λ  |b 008029